| 000 | 01502nam a22001577a 4500 | ||
|---|---|---|---|
| 999 |
_c521088 _d521088 |
||
| 008 | 221214b ||||| |||| 00| 0 eng d | ||
| 100 |
_aPaltasingh, Tattwamasi and Bhue, Prakash _936219 |
||
| 245 | _aEfficacy of mid-day meal scheme in India: Challenges and policy concerns | ||
| 260 | _aIndian Journal of Public Administration | ||
| 300 | _a68(4), Dec, 2022: p.610-623 | ||
| 520 | _aThe Mid-Day Meal Scheme (MDMS) in India is considered to be the world’s largest school meal programme, serving hot cooked meals to the underprivileged children. The ideas behind the introduction of this programme are to remove malnutrition, supplement nutritional foods in school meals, to motivate out-school children towards regular school, to decrease absenteeism and dropout rate, and to bridge inequality among the children irrespective of their caste, class and gender backgrounds. After the enactment of the Right of Children to Free and Compulsory Education Act (RTE), 2009, the programme is being monitored by the School Management Committees. The article intends to highlight the effectiveness of the MDMS in improving schools and the local communities in India. It also focuses on the challenges being confronted with the implementation of the programme and suggests some relevant policy measures for reforms. – Reproduced | ||
| 650 |
_aMid-day meal scheme, Nutrition, RTE, Reforms. _934324 |
||
| 773 | _aIndian Journal of Public Administration | ||
| 906 | _aPRIMARY EDUCATION | ||
| 942 | _cAR | ||